000 00433nab a2200145Ia 4500
003 ES-SlBCS
005 20210601125457.0
008 140529s1990-91 xxu||||| |||| 00| 0 eng d
041 _aeng
100 1 _aCobb-Stevens, Richard
_910757
245 0 0 _aBeing and Categorial Intuition
_c Richard Cobb-Stevens
650 0 4 _aSer-Categorías
_9159106
773 0 _tReview of Methaphysics
_gvol. 44, 1990-91, págs. 43-66
_wRev843
942 _cAR
999 _c530971
_d530971